000 01275nam a2200289 i 4500
001 177826
003 ES-MaACL
005 20240208164241.0
008 110429s2009 sp o |||| | spa d
017 _aM-36824-2009
_bOficina Depósito Legal Madrid
020 _a9788472963238
040 _cES-MaACL
080 _a061.12(460)
080 _a17+32:061.22(460.27 M.)(091)
100 1 _aDiego García, Emilio de.
_944564
_eaut
245 1 3 _aLa Real Academia de Ciencias Morales y Políticas, 1857-2007 :
_bcultura y política en la España contemporánea /
_cEmilio de Diego García
260 _aMadrid :
_bReal Academia de Ciencias Morales y Políticas,
_c2009.
300 _a887 páginas :
_bilustraciones (blanco y negro) ;
_c27 cm
500 _aÍndice onomástico
504 _aBibliografía: páginas 815-835.
610 2 _aReal Academia de Ciencias Morales y Políticas (España)-
_9235063
_vHistoria
852 _aES-MaACL
_jA-11112
_dOlim: N-4117
_cDEPO1
_bR.145497
_9184682
_hDonación: Editorial
_xEncuadernación: cartoné
852 4 _aES-MaACL
_jN-8204/Ej.1
_cDEPOJ
_zX-35
_zDuplicado
_9184681
_hDonación: Editorial
_xEncuadernación: cartoné
942 _cMONOGRAFIA
_n0
999 _c177826
_d177826